Modern art / (Record no. 292356)
[ view plain ]
| 000 -LEADER | |
|---|---|
| fixed length control field | 00898nam a2200277Ia 4500 |
| 008 - FIXED-LENGTH DATA ELEMENTS--GENERAL INFORMATION | |
| fixed length control field | 160319s9999 xx 000 0 und d |
| 020 ## - INTERNATIONAL STANDARD BOOK NUMBER | |
| International Standard Book Number | 9719344643 |
| 050 ## - LIBRARY OF CONGRESS CALL NUMBER | |
| Classification number | Fil 709.04 |
| 050 ## - LIBRARY OF CONGRESS CALL NUMBER | |
| Item number | R173m 2008 |
| 100 ## - MAIN ENTRY--PERSONAL NAME | |
| Personal name | Ramirez, Fred |
| 245 ## - TITLE STATEMENT | |
| Title | Modern art / |
| 245 ## - TITLE STATEMENT | |
| Statement of responsibility, etc | by Fred Ramirez ; text, Marlene Aguilar ; writer, Cid Reyes ; editor, Marlene Aguilar ; design and layout, Alexander Pascual ; photography, Raymund Isaac, Demetrio Dela Cruz. |
| 250 ## - EDITION STATEMENT | |
| Edition statement | 1st edition. |
| 260 ## - PUBLICATION, DISTRIBUTION, ETC. (IMPRINT) | |
| Place of publication, distribution, etc | Manila : |
| 260 ## - PUBLICATION, DISTRIBUTION, ETC. (IMPRINT) | |
| Name of publisher, distributor, etc | Jamayco Publishing House |
| 260 ## - PUBLICATION, DISTRIBUTION, ETC. (IMPRINT) | |
| Date of publication, distribution, etc | 2008 |
| 300 ## - PHYSICAL DESCRIPTION | |
| Extent | 149 pages : |
| 300 ## - PHYSICAL DESCRIPTION | |
| Other physical details | color illustrations ; |
| 300 ## - PHYSICAL DESCRIPTION | |
| Dimensions | 29 cm. |
| 500 ## - GENERAL NOTE | |
| General note | "A Philippine Heritage book." |
| 650 ## - SUBJECT ADDED ENTRY--TOPICAL TERM | |
| Topical term or geographic name as entry element | Art, Modern -- |
| 650 ## - SUBJECT ADDED ENTRY--TOPICAL TERM | |
| Topical term or geographic name as entry element | Art, Modern -- 20th century -- Philippines. |
| 650 ## - SUBJECT ADDED ENTRY--TOPICAL TERM | |
| General subdivision | Pictorial works. |
| 700 ## - ADDED ENTRY--PERSONAL NAME | |
| Personal name | Aguilar, Marlene., added author. |
| 700 ## - ADDED ENTRY--PERSONAL NAME | |
| Personal name | Reyes, Cid. |
| Withdrawn status | Lost status | Damaged status | Home library | Current library | Shelving location | Date acquired | Total Checkouts | Full call number | Barcode | Date last seen | Price effective from | Koha item type |
|---|---|---|---|---|---|---|---|---|---|---|---|---|
| Stonyhurst Southville International School (Batangas) | Stonyhurst Southville International School (Batangas) | Filipiniana Section | 03/19/2016 | Fil 709.04 R173m 2008 | US - 1992 | 03/19/2016 | 03/19/2016 | Books |